000 00671nam a2200253Ia 4500
001 10363
005 20240113235218.0
007 ta
008 170602s1972 ii g b000 u 465 u
040 _aCotton College,Assam
041 _aeng
082 _a330
_bAl 54 M
100 _aAllen, R.G.D. .
245 0 _aMathematical Economics /
_cR.G.D. Allen.
_hTextual Documents
250 _a2nd ed. /
260 _aLondon :
_bMacmillan St Martins Press ,
_c1972.
300 _a812p. ;
_c22cm.
653 _aEconomics-Mathematics
653 _aMathematical Economics
653 _aMS-Economics
942 _2ddc
_cBK
999 _c10350
_d10350